Reglamento provisional para la Exposición permanente y Centro de Contratación : (Record no. 190228)

MARC details
000 -LEADER
campo de control de longitud fija 01148nam a2200253 i 4500
001 - NÚMERO DE CONTROL
campo de control 190228
003 - IDENTIFICADOR DE NÚMERO DE CONTROL
campo de control ES-MaACL
005 - FECHA Y HORA DE LA ÚLTIMA TRANSACCIÓN
campo de control 20250901230203.0
008 - DATOS DE LONGITUD FIJA--INFORMACIÓN GENERAL
campo de control de longitud fija 200917s1871 sp |||| | spa d
080 ## - NÚMERO DE LA CLASIFICACIÓN DECIMAL UNIVERSAL
Número de la Clasificación Decimal Universal 633/635(460.353)(060.64)
080 ## - NÚMERO DE LA CLASIFICACIÓN DECIMAL UNIVERSAL
Número de la Clasificación Decimal Universal 62/69(460.353)(060.64)
110 2# - ENTRADA PRINCIPAL--NOMBRE DE ENTIDAD CORPORATIVA
Nombre de entidad corporativa o nombre de jurisdicción como elemento de entrada Junta de Agricultura, Industria y Comercio (Sevilla)
9 (RLIN) 170332
245 10 - MENCIÓN DEL TÍTULO
Título Reglamento provisional para la Exposición permanente y Centro de Contratación :
Resto del título aprobado por la Junta, en sesión de 5 de marzo de este año /
Mención de responsabilidad, etc. Junta de Agricultura, Industria y Comercio de la Provincia de Sevilla.
260 ## - PUBLICACIÓN, DISTRIBUCIÓN, ETC.
Lugar de publicación, distribución, etc. Sevilla :
Nombre del editor, distribuidor, etc. [s.n.],
Fecha de publicación, distribución, etc. 1871 (
Fabricante Imp. y Litografía de El Porvenir)
300 ## - DESCRIPCIÓN FÍSICA
Extensión 11 p. ;
Dimensiones 21 cm.
530 ## - NOTA DISPONIBLE DE FORMULARIO FÍSICO ADICIONAL
Nota de formato físico adicional disponible Disponible en formato digital.
650 #4 - PUNTO DE ACCESO ADICIONAL DE MATERIA--TÉRMINO DE MATERIA
Término de materia o nombre geográfico como elemento de entrada Productos agrícolas-
Subdivisión geográfica Sevilla (Provincia)-
-- Exposiciones.
9 (RLIN) 170333
650 #4 - PUNTO DE ACCESO ADICIONAL DE MATERIA--TÉRMINO DE MATERIA
Término de materia o nombre geográfico como elemento de entrada Productos industriales-
Subdivisión geográfica Sevilla (Provincia)-
Subdivisión de forma Exposiciones.
9 (RLIN) 170334
655 #7 - TERMINO DE INDIZACIÓN--GENERO/FORMA
Fuente del término tgfbne
9 (RLIN) 193628
Datos o término principal de género/forma Catálogos de exposiciones
852 4# - LOCALIZACIÓN
Ubicación ES-MaACL
Número de control de estantería T-115-F-12
856 4# - LOCALIZACIÓN Y ACCESO ELECTRÓNICOS
Identificador Uniforme de Recursos <a href="http://bdh-rd.bne.es/viewer.vm?id=0000075818&page=1 ">http://bdh-rd.bne.es/viewer.vm?id=0000075818&page=1 </a>
Nota pública Biblioteca Digital Hispánica
942 ## - ELEMENTOS DE ENTRADA SECUNDARIOS (KOHA)
Fuente del sistema de clasificación o colocación Clasificación decimal universal
Holdings
Estatus retirado Estado de pérdida Estado de daño No para préstamo Colección Biblioteca de origen Biblioteca actual Ubicación en estantería Fecha de adquisición Fuente de adquisición Total de préstamos Signatura topográfica completa Código de barras Visto por última vez Precio de reemplazo Tipo de ítem Koha
        Colección de folletos Biblioteca del Ateneo de Madrid Biblioteca del Ateneo de Madrid Depósito folletos 22/05/2005     T-115-F-12 1202027 23/02/2023 23/02/2023 Folleto